000 00843cam a2200265 a 4500
001 2125250
005 20171214042117.0
008 970612s1998 njua b 001 0 eng
010 _a 97024509
020 _a0691017123 (cl : alk. paper)
035 _a(DLC)2125250
035 _a(DLC)97024509
040 _aDLC
_cDLC
_dDLC
041 _aeng
043 _an-us---
080 _a361.610973
082 0 0 _a361.610973 AME
_221
100 1 _a18
101 _aSHP
245 1 0 _aBold relief :
_cEdwin Amenta.
504 _aIncludes bibliographical references and index.
906 _a7
_bcbc
_corignew
_d1
_eocip
_f19
_gy-gencatlg
942 _2ddc
_cBK
999 _c38907
_d38907